[Event "Wilhelm Steinitz "]
[Site "SchemingMind.com"]
[Date "2007.12.01"]
[Round "-"]
[White "Chess_Man01"]
[Black "Space"]
[Result "1/2-1/2"]
[WhiteCountry "GBR"]
[BlackCountry "SWE"]
[WhiteElo "2263"]
[WhiteRD "56"]
[BlackElo "2241"]
[BlackRD "84"]
[GameID "131406"]

1. e4 e5 2. Nf3 Nc6 3. c3 d5 4. Qa4 Bd7 5. exd5 Nd4 6. Qd1 Nxf3+ 7. Qxf3 Bd6 8. d3 f5 9. Na3 Nf6 10. Bg5 O-O
11. Nc4 h6 12. Nxd6 hxg5 13. Nc4 Re8 14. O-O-O f4 15. Qe2 e4 16. dxe4 Nxe4 17. Qc2 Bf5 18. Rg1 Qd7= 19. Bd3 Qxd5 20. g4 Nxf2
21. gxf5 Nxd1 22. Rxd1 Rad8 23. f6 Kf8 24. fxg7+ Kxg7 25. Qf2 b5 26. Na3=
1/2-1/2